[Event "HUN-ch"]
[Site "?"]
[Date "1975.??.??"]
[Round "?"]
[White "Cserna, Laszlo"]
[Black "Perecz, Laszlo"]
[Result "1/2-1/2"]
[WhiteElo "2200"]
[BlackElo "2200"]

1.c4 c6 2.Nf3 d5 3.d4 e6 4.Qc2 Nd7 5.g3 Ngf6 6.Bg2 Bd6 7.Nbd2 O-O 8.O-O Qe7
9.b3 e5 10.dxe5 Nxe5 11.cxd5 Nxd5 12.Nd4 Bc5 13.Bb2 Re8 14.Nf5 Bxf5 15.Qxf5 Rad8
16.Rad1 Bb6 17.Nf3 Ng6 18.Ng5 Ne3 19.fxe3 Bxe3+ 20.Kh1 Rxd1 21.Rxd1 Qxg5
22.Qd7 Qe7 23.Ba3 Qxd7 24.Rxd7 Bb6 25.Rxb7 h6 26.Bxc6 Rxe2 27.Bd5 Ne5 28.Re7 Rxa2
29.Rxe5 Rxa3 30.Re8+ Kh7  1/2-1/2

[Event "HUN-ch"]
[Site "?"]
[Date "1975.??.??"]
[Round "?"]
[White "Lukacs, Peter"]
[Black "Perecz, Laszlo"]
[Result "1-0"]
[WhiteElo "2385"]
[BlackElo "2200"]

1.c4 c6 2.Nc3 d5 3.cxd5 cxd5 4.d4 Nf6 5.Bf4 Nc6 6.e3 Bf5 7.Nf3 e6 8.Bb5 Nd7
9.Qa4 Qb6 10.Nh4 Bg4 11.h3 Bh5 12.e4 Bb4 13.O-O Bxc3 14.exd5 exd5 15.bxc3 O-O
16.Nf5 Qd8 17.Bxc6 Nb6 18.Qb4 bxc6 19.Ne7+ Kh8 20.Nxc6 Qf6 21.Qd6 Qxd6 22.Bxd6 Rfc8
23.Ne7 Rxc3 24.Bc5 Be2 25.Rfe1 Bc4 26.Nc6 Bb5 27.Nxa7 Rxa7 28.Bxb6 Ra8 29.Bc5 g6
30.a3 Kg7 31.Re7 Re8 32.Rxe8 Bxe8 33.a4 Rc4 34.a5 Ra4 35.Re1 Bb5 36.Bb6 h5
37.h4 Ra2 38.Bc7 Bc4 39.Re8 Re2 40.Ra8 Kf6 41.a6 Ra2 42.a7 Ra6 43.Bb6 Rxb6
44.Rb8 Ra6 45.a8=Q Rxa8 46.Rxa8 Kf5 47.f3 Bb5 48.Ra5 Bc4 49.Kf2 Kf4 50.Ra7 f6
51.g3+ Kf5 52.Ke3 Bf1 53.Ra1 Bc4 54.Rg1 g5  1-0

[Event "Lone Pine"]
[Site "Lone Pine"]
[Date "1975.??.??"]
[Round "10"]
[White "Kushnir, Alla"]
[Black "Martz, William E"]
[Result "1/2-1/2"]
[WhiteElo "2365"]
[BlackElo "2385"]

1.c4 c6 2.d4 d5 3.cxd5 cxd5 4.Nc3 Nc6 5.Nf3 Nf6 6.Bf4 e6 7.e3 Bd6 8.Bxd6 Qxd6
9.a3 O-O 10.Bd3 Bd7 11.O-O Rfc8 12.Qd2 a6 13.Rac1  1/2-1/2

[Event "URS-chT"]
[Site "Riga"]
[Date "1975.??.??"]
[Round "?"]
[White "Chebanenko, Vecheslav"]
[Black "Izvozchikov, Alexander"]
[Result "1/2-1/2"]
[WhiteElo "2410"]
[BlackElo "2330"]

1.c4 c6 2.Nf3 d5 3.d4 Nf6 4.e3 e6 5.Bd3 Nbd7 6.Nbd2 Bd6 7.O-O O-O 8.e4 dxe4
9.Nxe4 Nxe4 10.Bxe4 h6 11.Bc2 c5 12.b3 cxd4 13.Qxd4 Be7 14.Rd1 Qa5 15.Bb2 Nf6
16.Bc3 Bb4 17.Bxb4 Qxb4 18.a3 Qe7 19.Qd6 Qxd6 20.Rxd6 b6 21.Ne5 Bb7 22.f3 Rfd8
23.Rad1 Rxd6 24.Rxd6 Kf8 25.Kf2 Ke7 26.Rd4 Rc8 27.b4 Bc6 28.Ke3 Be8 29.f4 Nd7
30.Nf3 Nb8 31.Bb3 Bc6 32.g3 Bxf3 33.Kxf3 Nc6 34.Rd3 a5 35.b5 Nb8 36.Rd4 Nd7
37.Bc2 Nc5 38.Ke3 Rd8 39.Rxd8 Kxd8 40.Kd4 Ke7 41.Bd1 f6 42.Bf3 Kd6 43.Bc6 g5
44.h4 e5+ 45.fxe5+ fxe5+ 46.Ke3 Ke6 47.hxg5 hxg5 48.Be4 Nd7 49.Bc2 Nf6 50.Bg6 Kd6
51.Kd3 Kc5 52.Bf5 g4 53.Bg6 e4+ 54.Bxe4 Nd7 55.Bd5 Ne5+ 56.Ke3 Ng6 57.Be6 Ne5
58.Bd5 Ng6 59.Be6 Ne5 60.Bd5 Ng6  1/2-1/2

[Event "URS-chT"]
[Site "Riga"]
[Date "1975.??.??"]
[Round "?"]
[White "Grigorian, Karen Ashotovich"]
[Black "Bagirov, Vladimir"]
[Result "1-0"]
[WhiteElo "2520"]
[BlackElo "2490"]

1.c4 c6 2.Nf3 d5 3.e3 Nf6 4.Nc3 Bg4 5.cxd5 Bxf3 6.gxf3 cxd5 7.Qb3 Qd7 8.d4 Nc6
9.Bd2 e6 10.Rc1 Be7 11.Na4 O-O 12.Bb5 Rfc8 13.O-O Ne8 14.Kg2 Rab8 15.Rc2 Nd6
16.Rfc1 Nxb5 17.Qxb5 Bd6 18.Nc5 Bxc5 19.Qxc5 h6 20.a4 a6 21.Qb6 Qd8 22.Qxd8+ Rxd8
23.b4 Ne7 24.b5 axb5 25.axb5 Nf5 26.Bb4 Nd6 27.Bxd6 Rxd6 28.Rc8+ Rxc8 29.Rxc8+ Kh7
30.Kf1 g5 31.Ke2 Kg6 32.Kd3 Rb6 33.Rc5 Rd6 34.Kc3 Rd8 35.Rc7 b6 36.Rb7 Rd6
37.e4 dxe4 38.fxe4 g4 39.Kc4 h5 40.e5 Rd8 41.Rxb6 Kf5 42.Rd6 Ra8 43.b6 Ra1
44.b7 Rb1 45.Rd7 Ke4 46.Rxf7 Rc1+ 47.Kb5  1-0

[Event "URS-chT"]
[Site "Riga"]
[Date "1975.??.??"]
[Round "?"]
[White "Kortschnoj, Viktor"]
[Black "Kudriashov, Anatoli"]
[Result "1/2-1/2"]
[WhiteElo "2665"]
[BlackElo "2380"]

1.c4 c6 2.Nf3 Nf6 3.Nc3 d5 4.e3 g6 5.d4 Bg7 6.Bd3 O-O 7.O-O Nbd7 8.b3 b6
9.Bb2 Bb7 10.Qe2 e6 11.e4 dxe4 12.Nxe4 Nxe4 13.Bxe4 Qc7 14.Rad1 Nf6 15.Bb1 c5
16.Ne5 cxd4 17.Rxd4 Rad8 18.Rfd1 Rxd4 19.Rxd4 Rd8 20.h3 Rxd4 21.Bxd4 Nd7
22.f4 Nxe5 23.fxe5 Qd8 24.Qe3 Qh4 25.Bd3 Bh6 26.Qf2 Qg5 27.Bf1 Bg7 28.h4 Qc1
29.Kh2 Qb1 30.g3 Qd1 31.Bg2 Bxg2 32.Kxg2 Qd3 33.Kh2 Qe4 34.Qb2 h5 35.b4 g5
36.hxg5 h4 37.c5  1/2-1/2

[Event "URS-chT"]
[Site "Riga"]
[Date "1975.??.??"]
[Round "?"]
[White "Nei, Iivo"]
[Black "Bagirov, Vladimir"]
[Result "1/2-1/2"]
[WhiteElo "2495"]
[BlackElo "2490"]

1.c4 c6 2.d4 d5 3.Nc3 e6 4.Nf3 Nf6 5.cxd5 exd5 6.Bg5 Be7 7.e3 Bf5 8.Bxf6 Bxf6
9.Bd3 Bxd3 10.Qxd3 Be7 11.O-O Nd7 12.Rab1 a5 13.Nd2 O-O 14.Rfc1 Bb4 15.a3 Bxc3
16.Rxc3 Re8 17.Nf3 Nf6 18.Rcc1 Ne4 19.Nd2 Nxd2 20.Qxd2 a4 21.Re1 Qa5 22.Rbd1 Qxd2
23.Rxd2 Kf8 24.Kf1 Re6 25.h3 Ke7 26.Ke2 Kd6 27.Rc1 Ra5 28.Rc3 Re8 29.Rdc2 Rea8
30.Rc5  1/2-1/2

[Event "Stary Smokovec"]
[Site "Stary Smokovec"]
[Date "1975.??.??"]
[Round "3"]
[White "Liebert, Heinz"]
[Black "Kovacs, Laszlo M"]
[Result "1/2-1/2"]
[WhiteElo "2450"]
[BlackElo "2385"]

1.c4 c6 2.Nf3 d5 3.e3 Nf6 4.b3 Bg4 5.Bb2 Nbd7 6.Be2 e6 7.O-O Be7 8.d4 O-O
9.Nc3 a5 10.h3 Bh5  1/2-1/2

[Event "Szolnok"]
[Site "Szolnok"]
[Date "1975.??.??"]
[Round "5"]
[White "Hernandez, Roman"]
[Black "Dely, Peter"]
[Result "1/2-1/2"]
[WhiteElo "2395"]
[BlackElo "2445"]

1.c4 c6 2.d4 d5 3.Nf3 Nf6 4.Nc3 e6 5.cxd5 exd5 6.Bg5 Be7 7.e3 Ne4 8.Bxe7 Qxe7
9.Qc2 O-O 10.Bd3 Re8 11.O-O Nd7 12.Bxe4 dxe4 13.Nd2 Nf6 14.Rae1 b6 15.f3 Ba6
16.Rf2 Bd3 17.Qb3 exf3 18.gxf3 Rad8 19.Nce4 Nxe4 20.fxe4 Ba6 21.Nf1 Qe6 22.Ng3 Bc4
23.Qc3 Bxa2 24.Rc1 b5 25.Rf5 Bc4 26.b3 Bxb3 27.d5 Bxd5 28.Rg5 Qh6 29.Rh5  1/2-1/2

[Event "Aarhus"]
[Site "Aarhus"]
[Date "1976.??.??"]
[Round "?"]
[White "Ogaard, Leif"]
[Black "Rukavina, Josip"]
[Result "1/2-1/2"]
[WhiteElo "2490"]
[BlackElo "2380"]

1.c4 c6 2.d4 d5 3.Nf3 Nf6 4.Nc3 dxc4 5.a4 Na6 6.e4 Bg4 7.Bxc4 e6 8.Be3 Nb4
9.a5 Be7 10.Qb3 Bxf3 11.gxf3 b5 12.axb6 axb6 13.O-O O-O 14.Rfc1 h6 15.Bf1 Nd7
16.Na4 Ra5 17.Nc3  1/2-1/2

[Event "Parque Hotel"]
[Site "Buenos Aires"]
[Date "1976.??.??"]
[Round "?"]
[White "Hase, Juan C"]
[Black "Garcia Palermo, Carlos"]
[Result "0-1"]
[WhiteElo "2430"]
[BlackElo "2370"]

1.c4 c6 2.d4 d5 3.Nc3 Nf6 4.Nf3 dxc4 5.a4 Bg4 6.e4 e5 7.Bxc4 Bxf3 8.gxf3 exd4
9.Qb3 Qe7 10.Na2 Nxe4 11.fxe4 Qxe4+ 12.Kd2 Qxh1 13.Qxb7 Be7 14.Qxa8 Qxh2
15.Kc2 O-O 16.Qb7 Qxf2+ 17.Bd2 Qf5+ 18.Bd3 Qc5+ 19.Kb1 Re8 20.Qb3 g6 21.Nc1 Nd7
22.Ne2 Ne5 23.Qc2 Nxd3 24.Qxd3 Bg5 25.Bxg5 Qxg5 26.Nxd4 Re1+  0-1

[Event "DDR-ch 25th"]
[Site "Groeditz"]
[Date "1976.??.??"]
[Round "3"]
[White "Gruenberg, Hans Ulrich"]
[Black "Baumbach, Friedrich"]
[Result "1-0"]
[WhiteElo "2405"]
[BlackElo "2370"]

1.c4 c6 2.e4 d5 3.exd5 cxd5 4.cxd5 Nf6 5.Nc3 Nxd5 6.Bb5+ Bd7 7.Qb3 Nxc3 8.dxc3 Bxb5
9.Qxb5+ Qd7 10.a4 a6 11.Qe2 e6 12.Nf3 Nc6 13.O-O Bd6 14.Rd1 Qc7 15.Qe4 h6
16.Be3 O-O 17.a5 Qe7 18.b4 Rfd8 19.Nd4 Nxd4 20.Bxd4 Rd7 21.g3 Rad8 22.Bb6 Rc8
23.Rd3 Bb8 24.Rad1 Rxd3 25.Rxd3 f5 26.Qf3 Kh7 27.Bc5 Qf7 28.Qd1 Qf6 29.Rd7 Bc7
30.Qf3  1-0

[Event "Haifa ol (Men)"]
[Site "Haifa"]
[Date "1976.??.??"]
[Round "?"]
[White "Mortensen, Erling"]
[Black "Birnboim, Nathan"]
[Result "0-1"]
[WhiteElo "2200"]
[BlackElo "2200"]

1.c4 c6 2.e4 d5 3.exd5 cxd5 4.d4 Nf6 5.Nc3 Nc6 6.Bg5 Bg4 7.Be2 Bxe2 8.Ngxe2 dxc4
9.d5 Ne5 10.O-O e6 11.Qd4 h6 12.Qxe5 hxg5 13.dxe6 Bd6 14.Qb5+ Kf8 15.Ng3 Qb6
16.Qxc4 Bxg3 17.hxg3 Qxe6 18.Qb5 Re8 19.Qxg5 Rh5 20.Qf4 g5 21.Qd4 Ng4 22.Rad1 Rh1+  0-1

[Event "Majdanpek"]
[Site "Majdanpek"]
[Date "1976.??.??"]
[Round "3"]
[White "Padevsky, Nikola"]
[Black "Knezevic, Milorad"]
[Result "1/2-1/2"]
[WhiteElo "2475"]
[BlackElo "2460"]

1.c4 c6 2.b3 d6 3.Bb2 e5 4.g3 f5 5.Bg2 Nf6 6.d3 Be7 7.e3 O-O 8.Ne2 Be6 9.Nd2 Qe8
10.h3 Na6 11.Qc2 Nd7 12.a3 Bf6 13.b4 Rc8  1/2-1/2

[Event "Montilla"]
[Site "Montilla"]
[Date "1976.??.??"]
[Round "4"]
[White "Kavalek, Lubomir"]
[Black "Pomar Salamanca, Arturo"]
[Result "1/2-1/2"]
[WhiteElo "2540"]
[BlackElo "2430"]

1.c4 c6 2.e4 d5 3.exd5 cxd5 4.d4 Nf6 5.Nc3 e6 6.Nf3 Be7 7.cxd5 Nxd5 8.Bd3 Nc6
9.O-O O-O 10.Re1 Bd7 11.a3 Bf6 12.Bc2 Rc8 13.Qd3 g6 14.Bh6 Bg7 15.Bxg7 Kxg7
16.Bb3 Qa5 17.Ne4 Qc7 18.h4 Rfd8 19.Bxd5 exd5 20.Ng3 Re8 21.Qd2 f6 22.h5 Rxe1+
23.Rxe1 Re8 24.Rxe8 Bxe8  1/2-1/2

[Event "CSR-ch"]
[Site "Ostrava"]
[Date "1976.??.??"]
[Round "8"]
[White "Augustin, Josef"]
[Black "Meduna, Eduard"]
[Result "1/2-1/2"]
[WhiteElo "2405"]
[BlackElo "2300"]

1.c4 c6 2.Nf3 d5 3.cxd5 cxd5 4.d4 Nc6 5.Nc3 Nf6 6.Bf4 Bf5 7.e3 e6 8.Bb5 Nd7
9.O-O Be7 10.Rc1 O-O 11.Bxc6 bxc6 12.Na4 Rc8 13.Ne5 Nxe5 14.Bxe5 Qa5 15.a3  1/2-1/2

[Event "CSR-ch"]
[Site "Ostrava"]
[Date "1976.??.??"]
[Round "10"]
[White "Augustin, Josef"]
[Black "Neckar, Lubomir"]
[Result "1-0"]
[WhiteElo "2405"]
[BlackElo "2330"]

1.c4 c6 2.Nf3 Nf6 3.b3 d5 4.Bb2 Bg4 5.e3 Nbd7 6.Be2 e6 7.O-O Be7 8.d3 O-O
9.Nbd2 a5 10.a3 Bd6 11.Nd4 Bxe2 12.Qxe2 Qe7 13.cxd5 Nxd5 14.Nc4 Bc7 15.Qc2 f5
16.Rae1 e5 17.e4 fxe4 18.dxe4 Nf4 19.Nf5 Qc5 20.a4 g6 21.Ba3 Qa7 22.Bxf8 Rxf8
23.Nh6+ Kg7 24.Ng4 h5 25.Rd1 Rf7 26.Nge3 Ne6 27.Nd6 Nd4 28.Rxd4 exd4 29.Nxf7 dxe3
30.fxe3 Qxe3+ 31.Kh1 Qc5 32.Qd2 Nf6 33.Ng5 Qe5 34.Nf3 Qe6 35.e5 Ne4 36.Qd4 Qd5
37.Qxd5 cxd5 38.g3 Bb6 39.Kg2 d4 40.Rd1 Nc3 41.Rd3 Ne2  1-0

[Event "Skopje"]
[Site "Skopje"]
[Date "1976.??.??"]
[Round "8"]
[White "Timman, Jan H"]
[Black "Georgievski, Vanco"]
[Result "1-0"]
[WhiteElo "2550"]
[BlackElo "2250"]

1.c4 c6 2.Nc3 d5 3.d4 Nf6 4.Nf3 e6 5.Bg5 Be7 6.e3 Nbd7 7.Rc1 O-O 8.Bd3 dxc4
9.Bxc4 Nd5 10.Bxe7 Qxe7 11.O-O Nxc3 12.Rxc3 Rd8 13.Qc2 h6 14.a3 Nb6 15.Ba2 Bd7
16.Bb1 g6 17.h4 h5 18.e4 Be8 19.Ba2 Rac8 20.b4 Kg7 21.Re1 Ra8 22.Qb3 Qd6
23.a4 Nc8 24.Qb2 Kg8 25.a5 Ne7 26.Rd3 b6 27.Qd2 Kg7 28.e5 Qd7 29.Ng5 Nf5
30.Ne4 Qe7 31.Nf6 Qf8 32.Rc1 Rac8 33.Bc4 bxa5 34.bxa5 Rb8 35.g3 Kh8 36.Ne4 Qb4
37.Qg5 Qe7 38.Qf4 Kg7 39.Nf6 Qf8 40.Rd2 Qa3 41.Rcd1 Qf8 42.Bd3 Ne7 43.Qg5 Kh8
44.Nxh5 Ng8 45.Nf6 Rxd4 46.Nxg8 Kxg8 47.h5 c5 48.Bc2 Rbb4 49.f4 Rb7 50.Rxd4 cxd4
51.Be4 Rc7 52.Kg2 Qc5 53.hxg6 fxg6 54.Qd8 Rc8 55.Qf6 Bf7 56.Rh1  1-0

[Event "Skopje"]
[Site "Skopje"]
[Date "1976.??.??"]
[Round "10"]
[White "Vaganian, Rafael A"]
[Black "Georgievski, Vanco"]
[Result "0-1"]
[WhiteElo "2550"]
[BlackElo "2250"]

1.c4 c6 2.Nf3 Nf6 3.d4 d5 4.e3 e6 5.Bd3 Nbd7 6.Nbd2 b6 7.O-O Bb7 8.Re1 Be7
9.e4 dxe4 10.Nxe4 O-O 11.Qe2 c5 12.Neg5 cxd4 13.Nxe6 Bxf3 14.Qxf3 fxe6 15.Bc2 e5
16.Bf5 Bb4 17.Rd1 Qe7 18.Bg5 Rae8 19.Qh3 g6 20.Bc2 Qe6 21.Qh4 Be7 22.Ba4 Ng4
23.Rd2 Bxg5 24.Qxg5 Re7 25.Re1 Ngf6 26.b4 Qd6 27.a3 Kg7 28.Rd3 e4 29.Rh3 Qe5
30.Qh6+ Kg8 31.Bb3 Ng4 32.c5+ Kh8 33.Qxg6 Nxf2 34.Rh5 Qf6 35.Qg3 Rg7  0-1

[Event "SWE-ch"]
[Site "SWE"]
[Date "1976.??.??"]
[Round "?"]
[White "Karlsson, Lars"]
[Black "Helmertz, Per Inge"]
[Result "1-0"]
[WhiteElo "2205"]
[BlackElo "2280"]

1.c4 c6 2.e4 d5 3.d4 dxe4 4.Nc3 Nf6 5.Bg5 Nbd7 6.f3 exf3 7.Nxf3 e6 8.Bd3 Be7
9.Qe2 h6 10.Bf4 Nh5 11.Bd2 Qc7 12.g3 Nhf6 13.O-O-O b6 14.g4 Bb7 15.g5 hxg5
16.Nxg5 Nh5 17.Nxe6 Qd6 18.d5 Ne5 19.c5 bxc5 20.Ne4 Qb8 21.d6 Bxd6 22.Nxg7+ Nxg7
23.Nxd6+ Qxd6 24.Bf4 Rh5 25.Rhe1 O-O-O 26.Bf5+ Rxf5 27.Rxd6 Rxd6 28.Bxe5 Re6
29.Qg4 Rg6 30.Qh3 f6 31.Bf4 Kd8 32.Qh8+ Kd7 33.Qb8 Rxf4 34.Qxb7+  1-0

[Event "Biel"]
[Site "Biel"]
[Date "1977.??.??"]
[Round "15"]
[White "Andersson, Ulf"]
[Black "Hernandez, Roman"]
[Result "1/2-1/2"]
[WhiteElo "2565"]
[BlackElo "2435"]

1.c4 c6 2.Nf3 d5 3.d4 Nf6 4.Nc3 e6 5.cxd5 cxd5 6.Bf4 Nc6 7.e3 Bd6 8.Bxd6 Qxd6
9.Bd3 O-O 10.O-O Bd7 11.Rc1 Rfc8 12.h3 a6 13.Qe2 Rc7 14.a3 Rac8 15.Na2 Ne7
16.Rxc7 Rxc7 17.Rc1 Rxc1+ 18.Nxc1 Qc7  1/2-1/2

[Event "HUN-ch"]
[Site "Budapest"]
[Date "1977.??.??"]
[Round "?"]
[White "Vadasz, Laszlo"]
[Black "Sapi, Laszlo"]
[Result "1-0"]
[WhiteElo "2495"]
[BlackElo "2420"]

1.c4 c6 2.e4 d5 3.exd5 cxd5 4.cxd5 Qxd5 5.Nc3 Qd8 6.d4 Nf6 7.Nf3 e6 8.Bd3 Be7
9.Bg5 O-O 10.Bc2 Nc6 11.a3 b6 12.Qd3 g6 13.h4 a5 14.h5 Ba6 15.Qd2 Qc7 16.hxg6 fxg6
17.Bb3 Nd8 18.Qe3 Bc4 19.Bxc4 Qxc4 20.Ne5 Qa6 21.Bh6 Re8 22.Qg3 Bd6 23.Bf4 Bxe5
24.Bxe5 Nd7 25.Qh4 Nf8 26.Qf6  1-0

[Event "CSR-ch int"]
[Site "Decin"]
[Date "1977.??.??"]
[Round "6"]
[White "Suba, Mihai"]
[Black "Rukavina, Josip"]
[Result "1/2-1/2"]
[WhiteElo "2455"]
[BlackElo "2410"]

1.c4 c6 2.e4 e5 3.Nf3 Nf6 4.Nxe5 d6 5.Nf3 Nxe4 6.d4 Be7 7.Bd3 Nf6 8.h3 Bf5
9.Bxf5 Qa5+ 10.Nc3 Qxf5 11.O-O O-O 12.Re1 Qd7 13.d5 c5 14.Bf4 Re8 15.Qb3 Na6
16.Nb5 Bf8 17.Rxe8 Nxe8 18.Re1 Nac7 19.Nxc7 Qxc7 20.Qa4 Nf6 21.Bg5 Nd7 22.Bd2 h6
23.Bc3 Qd8 24.Nd2 Nf6 25.Ne4 Nxe4 26.Rxe4 a6 27.a3 Be7 28.Ba5 Qe8 29.Qd1 Qd7
30.Bc3 Bf8 31.b4 b6 32.Qe2 Rc8 33.Qb2 Re8 34.Rg4 g6 35.Qc2 Kh7 36.bxc5 bxc5
37.Rf4 Bg7 38.Bxg7 Kxg7 39.Re4 Rxe4 40.Qxe4 Qd8  1/2-1/2

[Event "Concordia"]
[Site "Hamburg"]
[Date "1977.??.??"]
[Round "1"]
[White "Csom, Istvan"]
[Black "Bednarski, Jacek B"]
[Result "1/2-1/2"]
[WhiteElo "2535"]
[BlackElo "2400"]

1.c4 c6 2.b3 d5 3.Bb2 Bg4 4.Nf3 Nd7 5.e3 e6 6.Be2 Ngf6 7.O-O Bd6 8.cxd5 cxd5
9.Nc3 h6 10.h3 Bxf3 11.Bxf3 Qe7 12.a3 O-O 13.d3 Rfd8 14.g3 Rac8 15.Bg2 Be5
16.d4 Bd6 17.Qb1 Rc7 18.Rc1 Rdc8 19.Qd3 h5 20.Qd1 Qd8 21.Qe1 Be7 22.Bf3 Nb8
23.Kg2 g6 24.Qd1 Bf8 25.Be2 Nbd7 26.Bd3 Ne8 27.Ne2 Nd6 28.Rxc7 Rxc7 29.Rc1 Rxc1
30.Qxc1 Qb6 31.Qc2 Nf6 32.Nf4 Nf5 33.a4 Bd6 34.Bxf5 gxf5 35.Nd3 h4 36.gxh4 Qd8
37.Ne5 Nh5 38.Nf3 Be7 39.Qc1 Bxh4 40.Ba3 Bf6 41.Qc5 Kg7 42.Qb4 Qc8 43.Qd6 f4
44.Bc5 fxe3 45.fxe3 Qg8 46.Kf2 Kh7 47.Bb4 Qg6 48.Qc7 Bd8 49.Qxd8 Qg3+ 50.Ke2 Qg2+
51.Kd3 Qxf3 52.Qh4 Kg6 53.Be7 f6 54.Bd6 Kf5 55.Kd2 Qg2+ 56.Kd3 Qf3 57.Kd2  1/2-1/2

[Event "Santos Lugares"]
[Site "Santos Lugares"]
[Date "1977.??.??"]
[Round "9"]
[White "Panno, Oscar"]
[Black "Guimard, Carlos E"]
[Result "1/2-1/2"]
[WhiteElo "2550"]
[BlackElo "2410"]

1.c4 c6 2.d4 d5 3.Nf3 Nf6 4.Nc3 e6 5.Bg5 dxc4 6.e4 b5 7.e5 h6 8.Bh4 g5 9.Nxg5 hxg5
10.Bxg5 Nbd7 11.exf6 Bb7 12.h4 Qa5 13.Rh3 O-O-O 14.Qc2  1/2-1/2

[Event "Sochi"]
[Site "Sochi"]
[Date "1977.??.??"]
[Round "11"]
[White "Ftacnik, Lubomir"]
[Black "Klaric, Zlatko"]
[Result "1-0"]
[WhiteElo "2360"]
[BlackElo "2405"]

1.c4 c6 2.d4 d5 3.Nf3 Nf6 4.Nc3 dxc4 5.a4 Na6 6.e3 Bg4 7.Bxc4 e6 8.O-O Be7
9.h3 Bh5 10.g4 Bg6 11.Qe2 Nb4 12.Rd1 h5 13.Ne5 hxg4 14.Nxg6 fxg6 15.hxg4 Qc7
16.f4 Nfd5 17.g5 Rh4 18.Bd2 O-O-O 19.Kg2 Bxg5 20.Rh1 Rxh1 21.Rxh1 Bh6 22.Qg4 Qf7
23.Ne4 Qf5 24.Kf3 Kb8 25.Rg1 Nf6 26.Qxf5 gxf5 27.Nxf6 Nc2 28.Bxe6 gxf6 29.Bxf5 Bf8
30.Bxc2  1-0

[Event "JUG-ch"]
[Site "Zagreb"]
[Date "1977.??.??"]
[Round "11"]
[White "Bukal, Vladimir Sr"]
[Black "Karaklajic, Nikola"]
[Result "0-1"]
[WhiteElo "2405"]
[BlackElo "2460"]

1.c4 c6 2.b3 d5 3.Bb2 Nf6 4.Nf3 Bg4 5.e3 e6 6.Be2 Be7 7.O-O O-O 8.h3 Bxf3
9.Bxf3 Nbd7 10.d3 Qa5 11.Qc2 Rfd8 12.d4 Rdc8 13.a3 b5 14.Nd2 Rab8 15.b4 Qd8
16.c5 a5 17.Nb3 a4 18.Nc1 g6 19.Nd3 Bf8 20.Ne5 Qc7 21.Be2 Bg7 22.f4 Ne8 23.Rad1 f5
24.g4 Nef6 25.Bf3 Rf8 26.Bc3 Ne4 27.Bxe4 dxe4 28.Qa2 Rbe8 29.g5 Re7 30.Rf2 Rd8
31.Rfd2 Nf8 32.h4 Rd5 33.Kg2 Qc8 34.Kg3 Qe8 35.Qb2 Rc7 36.Qc2 Nd7 37.Qb2 Nb8
38.Qa2 Na6 39.Qb2 Re7 40.Rh1 Nc7 41.Rdd1 Rd8 42.Qe2 Nd5 43.Bb2 Bxe5 44.dxe5 h6
45.Kf2 Rh7 46.Kg2 Rdd7 47.Bd4 Qd8 48.Kg3 Rh8 49.Kg2 hxg5 50.fxg5 Kf8 51.Kg3 Rdh7
52.Bb2 Rxh4  0-1

[Event "BCF-ch"]
[Site "Ayr"]
[Date "1978.08.09"]
[Round "3"]
[White "Cafferty, Bernard"]
[Black "Garbett, Paul Anthony"]
[Result "1-0"]
[WhiteElo "2300"]
[BlackElo "2310"]

1.c4 c6 2.e4 d5 3.exd5 cxd5 4.cxd5 Nf6 5.Nc3 Nxd5 6.Nf3 e6 7.d4 Be7 8.Bc4 O-O
9.O-O Nc6 10.Re1 Bf6 11.Ne4 Be7 12.a3 Bd7 13.Qd3 Qb6 14.Nc3 Nxc3 15.bxc3 Na5
16.Ne5 Ba4 17.Rb1 Qc7 18.Ba2 Bd6 19.Bf4 Rac8 20.Re3 Qe7 21.Rh3 g6 22.Re1 Bb3
23.Bxb3 Nxb3 24.Qb5 Bxe5 25.Qxe5 f6 26.Qb5 Qxa3 27.Qxb7 h5 28.Rg3  1-0

[Event "FRG-ch"]
[Site "Bad Neuenahr"]
[Date "1978.??.??"]
[Round "1"]
[White "Feustel, Bernd"]
[Black "Reefschlaeger, Helmut"]
[Result "1/2-1/2"]
[WhiteElo "2350"]
[BlackElo "2350"]

1.c4 c6 2.Nf3 d5 3.b3 Nf6 4.g3 Bg4 5.Bb2 Nbd7 6.Bg2 e6 7.O-O Bd6 8.d3 O-O
9.Nbd2 Qe7 10.h3 Bh5 11.Qc2 a5 12.a3 Rfd8 13.e4 dxe4 14.dxe4 Bxf3 15.Nxf3 e5
16.Nh4 g6 17.Kh1 Nh5 18.Bf3 Ng7 19.Rfd1 Bc5 20.Bg2 Ne6 21.Nf3 f6 22.Ne1 Bd4
23.Bf1 Ndc5 24.f3 Bxb2 25.Qxb2 Nd4 26.b4 Ncb3 27.Rab1 axb4 28.axb4 Ra4 29.c5 b5
30.cxb6 Rxb4 31.Qc3 Kg7 32.Bc4 Qc5 33.Nd3 Rxc4 34.Nxc5 Rxc3 35.Nxb3 c5 36.b7 Rb8
37.Na5 Rc2 38.Rbc1 Ra2 39.Ra1 Rxa5 40.Rxa5 Rxb7 41.Rxc5 Nxf3 42.Rdc1 Nd2  1/2-1/2

[Event "Bogota"]
[Site "Bogota"]
[Date "1978.??.??"]
[Round "?"]
[White "Garcia, Luis E"]
[Black "Velandia, Norberto"]
[Result "1-0"]
[WhiteElo "2325"]
[BlackElo "2220"]

1.c4 c6 2.Nc3 d5 3.d4 Nf6 4.Nf3 g6 5.e3 Bg7 6.Be2 O-O 7.h3 c5 8.O-O cxd4
9.exd4 dxc4 10.Bxc4 a6 11.a4 b6 12.Bf4 Bb7 13.d5 Nbd7 14.Qe2 Re8 15.Rad1 h6
16.Rfe1 Qc8 17.Ba2 Qc5 18.Qd2 g5 19.Be3 Qd6 20.Nd4 Nf8 21.Nf5 Qc7 22.Bxg5 hxg5
23.Qxg5 Ng6 24.d6 Qc6 25.Qxg6 Qxg2+ 26.Qxg2 Bxg2 27.Kxg2 exd6 28.Nxd6  1-0

[Event "Bogota"]
[Site "Bogota"]
[Date "1978.??.??"]
[Round "?"]
[White "Cuellar Gacharna, Miguel"]
[Black "Velandia, Norberto"]
[Result "1-0"]
[WhiteElo "2365"]
[BlackElo "2220"]

1.c4 c6 2.d4 d5 3.Nc3 Nf6 4.Nf3 g6 5.Bf4 Bg7 6.e3 O-O 7.Be2 dxc4 8.Bxc4 Nd5
9.Be5 Bg4 10.Bxg7 Nxc3 11.bxc3 Kxg7 12.O-O Nd7 13.h3 Bxf3 14.Qxf3 e5 15.Rfd1 Qf6
16.Qe2 Nb6 17.Bb3 Rad8 18.a4 Rfe8 19.a5 Nd5 20.Qb2 exd4 21.cxd4 Re7 22.Rdc1 Nc7
23.Bd1 Na6 24.Be2 Nb8 25.Bf3 Na6 26.Rab1 h5 27.Rc3 Rdd7 28.Rb3 Nb8 29.Qa3 Na6
30.Be2 Nb8 31.Qc5 a6 32.Bf3 Rc7 33.Qa7 Nd7 34.Rxb7 Rxb7 35.Rxb7 Qe6 36.Qxa6 Nf6
37.Qxc6 Rxb7 38.Qxb7 Qa2 39.a6  1-0

[Event "Buenos Aires ol (Men)"]
[Site "Buenos Aires"]
[Date "1978.??.??"]
[Round "?"]
[White "Petursson, Margeir"]
[Black "Woodhams, Michael"]
[Result "1/2-1/2"]
[WhiteElo "2350"]
[BlackElo "2385"]

1.c4 c6 2.d4 d5 3.Nf3 Nf6 4.Nc3 dxc4 5.a4 Bg4 6.Ne5 Bh5 7.f3 Nfd7 8.Nxc4 e5
9.Nxe5 Nxe5 10.dxe5 Qxd1+ 11.Nxd1 Nd7 12.Bf4 Bb4+ 13.Kf2 O-O 14.g4 Bg6 15.Bg3 Bc2
16.e3 Rfe8 17.f4 Nc5 18.Nc3 Bxc3 19.bxc3 Bxa4 20.Bh4 Bc2 21.Bg2 a5 22.Ra2 Bb3
23.Ra3 a4 24.Rb1 Rac8 25.e4 b5 26.Ke3 Ne6 27.Bf1 h6 28.Be1 Rb8 29.Bg3 Rb7
30.h4 c5 31.f5 Nd8 32.Bg2 b4 33.cxb4 cxb4 34.Raxb3 axb3 35.Rxb3 Nc6 36.e6 fxe6
37.Bd6 e5 38.Bf1 Nd4 39.Rb2 b3 40.Bxe5 Nxf5+ 41.gxf5 Rxe5  1/2-1/2

[Event "Buenos Aires ol (Men)"]
[Site "Buenos Aires"]
[Date "1978.??.??"]
[Round "?"]
[White "Olafsson, Helgi"]
[Black "Diaz, Serrano"]
[Result "1-0"]
[WhiteElo "2420"]
[BlackElo "2205"]

1.c4 c6 2.e4 d5 3.exd5 cxd5 4.d4 Nf6 5.Nc3 e6 6.Nf3 Be7 7.cxd5 exd5 8.Ne5 O-O
9.Bd3 Nc6 10.O-O Be6 11.Be3 Nxe5 12.dxe5 Ng4 13.Bd4 f6 14.f4 fxe5 15.fxe5 Rxf1+
16.Qxf1 Qa5 17.Bf5 Bc5 18.Bxe6+ Kh8 19.Qf4 Qb6 20.Bxg4 Bxd4+ 21.Kh1 Qxb2
22.Rf1 Bc5 23.Na4 Qa3 24.Nxc5 Qxc5 25.e6  1-0

[Event "Buenos Aires ol (Men)"]
[Site "Buenos Aires"]
[Date "1978.??.??"]
[Round "?"]
[White "Ogaard, Leif"]
[Black "Ivkov, Borislav"]
[Result "1-0"]
[WhiteElo "2435"]
[BlackElo "2515"]

1.c4 c6 2.d4 d5 3.Nf3 e6 4.Nc3 f5 5.Bf4 Nf6 6.e3 Be7 7.Be2 O-O 8.O-O Nbd7
9.h3 Ne4 10.Qc2 g5 11.Bh2 Rf7 12.Nxe4 dxe4 13.Nd2 Rg7 14.Rad1 Qe8 15.Nb3 h5
16.d5 cxd5 17.cxd5 e5 18.d6 Bf6 19.g4 Bd8 20.Rd5 hxg4 21.hxg4 Qg6 22.gxf5 Qxf5
23.Nc5 Rh7 24.Qxe4 Qh3 25.Qh1 Nxc5 26.Rxc5 Be6 27.Rxe5 Bf6 28.Rb5 Rd8 29.Bf3 Rdd7
30.b3 a6 31.Rc5 Bg4 32.Bxg4 Qxg4+ 33.Qg2 Qe2 34.Rf5 Bd8 35.Bg3 Rhf7 36.Rxf7 Rxf7
37.Qe4 Rf8 38.Rc1 Kg7 39.Rc8 Bf6 40.Kg2 g4 41.Rc4  1-0

[Event "Buenos Aires ol (Men)"]
[Site "Buenos Aires"]
[Date "1978.??.??"]
[Round "?"]
[White "Hernandez, Roman"]
[Black "Pomar Salamanca, Arturo"]
[Result "1/2-1/2"]
[WhiteElo "2465"]
[BlackElo "2420"]

1.c4 c6 2.e4 d5 3.exd5 cxd5 4.cxd5 Nf6 5.Nc3 Nxd5 6.Nf3 e6 7.d4 Be7 8.Bd3 O-O
9.O-O Nc6 10.Re1 Bd7 11.Ne4 Rc8 12.a3 Qb6 13.Nc3 Bf6 14.Ne5 Rcd8 15.Nxd5 exd5
16.Nxd7 Rxd7 17.Qf3 Re7 18.Bf4 Qxd4 19.Bd6 Rxe1+ 20.Rxe1 Rd8 21.Bc7 Rf8 22.Bd6 Rd8
23.Bc7 Rf8  1/2-1/2

[Event "Buenos Aires ol (Men)"]
[Site "Buenos Aires"]
[Date "1978.??.??"]
[Round "?"]
[White "Ree, Hans"]
[Black "Campora, Daniel H"]
[Result "1/2-1/2"]
[WhiteElo "2500"]
[BlackElo "2370"]

1.c4 c6 2.e4 d5 3.exd5 cxd5 4.cxd5 Nf6 5.Bb5+ Nbd7 6.Nc3 g6 7.d4 Bg7 8.d6 exd6
9.Qe2+ Qe7 10.Bf4 d5 11.Qxe7+ Kxe7 12.Nf3 Nb6 13.O-O Be6 14.Bc7 Nc4 15.Bxc4 dxc4
16.Rfe1 Rhc8 17.Be5 Kf8 18.Ng5 Kg8 19.Rad1 Bd7 20.d5 b5 21.d6 b4 22.Ne2 Re8
23.f4 Ng4 24.Bxg7 Kxg7 25.Nd4 Ne3 26.Rc1 Rac8 27.Ngf3 f6 28.Kf2 Nd5 29.Rxe8 Bxe8
30.Ne6+ Kf7 31.Nc7 Nxf4 32.Rxc4 Ne6 33.Rxb4 Nxc7 34.Rc4 Ke6 35.dxc7 Kd7 36.Rf4 Ke7
37.Rc4 Kd7 38.Nd2 Rxc7 39.Rxc7+ Kxc7 40.Ke3 Kd6 41.Kd4  1/2-1/2